Vista normal Vista MARC

Entrada Materia (personas)

Número de registros utilizados en: 1

001 - CONTROL NUMBER

  • control field: 81491

003 - CONTROL NUMBER IDENTIFIER

  • control field: Co-BoUCM

005 - DATE AND TIME OF LATEST TRANSACTION

  • control field: 20161101085009.0

008 - FIXED-LENGTH DATA ELEMENTS

  • fixed length control field: 161101|| aca||aabn | a|a d

040 ## - CATALOGING SOURCE

  • Original cataloging agency: Co-BoUCM
  • Transcribing agency: Co-BoUCM

100 ## - HEADING--PERSONAL NAME

  • Personal name: Amorós, Andrés
  • Dates associated with a name: 1941
  • Relator term: editor

670 ## - SOURCE DATA FOUND

  • Source citation: Work cat.: (Co-BoUCM)34824: Cortazar, Julio 1914-1984 1409, Rayuela, 1984